Soukromé podnikání občanů (fyzických osob)

Salvato in:
Dettagli Bibliografici
Autore principale: Kopp, Karel
Natura: Libro
Lingua:ceco
Pubblicazione: Praha Tisk., inf. a propag. prům. agentura 1990
Edizione:1. vyd.
Serie:Průmyslový žurnál
Tags: Aggiungi Tag
Nessun Tag, puoi essere il primo ad aggiungerne!!

MARC

LEADER 00000nam a2200000 4500
001 c023867
005 20250606130016.7
041 0 |a cze 
044 |a CZ 
245 1 0 |a Soukromé podnikání občanů (fyzických osob)  |c Karel Kopp a kol. 
250 |a 1. vyd. 
264 1 |a Praha  |b Tisk., inf. a propag. prům. agentura  |c 1990 
300 |a 64 s. 
490 1 |a Průmyslový žurnál 
830 0 |a Průmyslový žurnál 
100 1 |a Kopp, Karel